[Event "WchT Seniors 50"]
[Site "Prague"]
[Date "2020.03.09"]
[Round "4.25"]
[White "Cooke, Mark"]
[Black "Zabehlicky, Jiri"]
[Result "1/2-1/2"]
[WhiteElo "1424"]
[BlackElo "1462"]
[PlyCount "31"]
[EventDate "2020.03.06"]
[EventType "team-swiss"]
[EventRounds "7"]
[EventCountry "CZE"]
[SourceTitle "CBM 195 Extra"]
[Source "ChessBase"]
[SourceDate "2020.05.31"]
[SourceVersion "1"]
[SourceVersionDate "2020.05.31"]
[SourceQuality "1"]
[WhiteTeam "Wales 50 II"]
[BlackTeam "Czech Republic 50 XII"]
[WhiteTeamCountry "WLS"]
[BlackTeamCountry "CZE"]

1. e4 Nf6 2. e5 Nd5 3. c4 Nb6 4. d4 d6 5. exd6 exd6 6. b3 Be7 7. h3 Bf6 8. Nf3 Nc6 9. Be3 Qe7 10. Be2 Bf5 11. a3 h6 12. Ra2 d5 13. c5 Nd7 14. Nc3 Ncb8 15. 0-0 0-0 16. b4 1/2-1/2

[Event "Pardubice Czech op-J 30th"]
[Site "Pardubice"]
[Date "2019.07.12"]
[Round "1"]
[White "Dovzhenko, Viktor"]
[Black "Zabehlicky, Jiri"]
[Result "1-0"]
[WhiteElo "2100"]
[BlackElo "1461"]
[PlyCount "53"]
[EventDate "2019.07.12"]
[EventType "swiss"]
[EventRounds "7"]
[EventCountry "CZE"]
[SourceTitle "CBM 192 Extra"]
[Source "Chessbase"]
[SourceDate "2019.11.06"]
[SourceVersion "1"]
[SourceVersionDate "2019.11.06"]
[SourceQuality "1"]

1. e4 e5 2. Nf3 Nc6 3. Bb5 g6 4. d4 exd4 5. Nxd4 Bg7 6. Nxc6 dxc6 7. Bd3 Ne7 8. 0-0 0-0 9. f4 f5 10. e5 Be6 11. Nd2 Nd5 12. Qe2 Qe7 13. Nb3 Rae8 14. a3 Kh8 15. Bd2 c5 16. Qf2 Nb6 17. Nxc5 Bc8 18. Nb3 Qd8 19. Bb4 Rg8 20. Rad1 Nd5 21. Bc4 c6 22. Qxa7 Bf8 23. Bxd5 cxd5 24. Bxf8 Rgxf8 25. Qd4 Re7 26. c4 Rd7 27. cxd5 1-0

[Event "Prague Golden op 14th"]
[Site "Prague"]
[Date "2018.07.08"]
[Round "9"]
[White "Zacek, Petr1111"]
[Black "Zabehlicky, Jiri"]
[Result "1-0"]
[WhiteElo "1528"]
[BlackElo "1490"]
[PlyCount "125"]
[EventDate "2018.06.30"]
[EventType "swiss"]
[EventRounds "9"]
[EventCountry "CZE"]
[SourceTitle "CBM 185 Extra"]
[Source "ChessBase"]
[SourceDate "2018.07.29"]
[SourceVersion "1"]
[SourceVersionDate "2018.07.29"]
[SourceQuality "1"]

1. e4 e5 2. Nf3 Nc6 3. d4 exd4 4. Bc4 Bb4+ 5. c3 dxc3 6. 0-0 d6 7. a3 Bc5 8. b4 Bb6 9. Qb3 Qf6 10. Nxc3 Be6 11. Bg5 Qg6 12. Nd5 f6 13. Nxb6 axb6 14. Bxe6 fxg5 15. Bxg8 0-0-0 16. Qe6+ Qxe6 17. Bxe6+ Kb8 18. Bd5 h6 19. Rac1 Ne7 20. Nd4 c6 21. Ne6 cxd5 22. Nxd8 Rxd8 23. exd5 Nxd5 24. Rfe1 Nf4 25. Re7 Rf8 26. Rcc7 Nd5 27. Rxb7+ Kc8 28. Rxg7 Re8 29. Kf1 Re6 30. Ra7 Kb8 31. Rh7 Rf6 32. Raf7 Ne3+ 33. Kg1 Rxf7 34. Rxf7 Nc2 35. Rd7 Nxa3 36. Rxd6 Kc7 37. Rxh6 Nc2 38. b5 Nd4 39. Rh7+ Kd6 40. Rg7 Nxb5 41. Rxg5 Nd4 42. Kf1 b5 43. Ke1 b4 44. Kd2 Kc6 45. h4 Ne6 46. Rg6 Kd5 47. Rxe6 Kxe6 48. Kc2 Kf5 49. Kb3 Kg4 50. g3 Kf3 51. h5 Kxf2 52. h6 Kxg3 53. h7 Kg4 54. h8Q Kf4 55. Qd4+ Kf5 56. Kxb4 Kg5 57. Qf2 Kg4 58. Kc4 Kg5 59. Kd5 Kg4 60. Ke5 Kg5 61. Qg3+ Kh6 62. Kf6 Kh7 63. Qg7# 1-0

[Event "Prague Golden op 14th"]
[Site "Prague"]
[Date "2018.07.04"]
[Round "5"]
[White "Zabehlicky, Jiri"]
[Black "Veselsky, Jan"]
[Result "1/2-1/2"]
[WhiteElo "1490"]
[BlackElo "1720"]
[PlyCount "180"]
[EventDate "2018.06.30"]
[EventType "swiss"]
[EventRounds "9"]
[EventCountry "CZE"]
[SourceTitle "CBM 185 Extra"]
[Source "ChessBase"]
[SourceDate "2018.07.29"]
[SourceVersion "1"]
[SourceVersionDate "2018.07.29"]
[SourceQuality "1"]

1. e4 c6 2. d4 d5 3. exd5 cxd5 4. Bd3 Nc6 5. c3 Nf6 6. Nf3 g6 7. Be3 Bg7 8. h3 Bf5 9. Bxf5 gxf5 10. Qc2 e6 11. Nbd2 Qc7 12. Nb3 Ne4 13. Qc1 Rc8 14. 0-0 a5 15. Nc5 b6 16. Nd3 0-0 17. Bh6 f6 18. Bxg7 Qxg7 19. Qf4 Kh8 20. Kh1 Ne7 21. Nh4 Rg8 22. Rg1 Ng6 23. Nxg6+ Qxg6 24. g4 fxg4 25. Rxg4 Qh5 26. Kh2 Rxg4 27. Qxg4 Qf7 28. Rg1 Rg8 29. Qxg8+ Qxg8 30. Rxg8+ Kxg8 31. Kg2 Kf7 32. Nf4 Ke7 33. f3 Nd6 34. b3 Nf5 35. Kf2 Kd6 36. Nd3 e5 37. dxe5+ fxe5 38. Ke2 Ng7 39. Ke3 Nf5+ 40. Ke2 Ne7 41. Ke3 Nc6 42. f4 e4 43. Nb2 Ne7 44. Ke2 b5 45. a3 Nf5 46. b4 axb4 47. axb4 Ke6 48. Nd1 Nd6 49. Ne3 h6 50. Kf2 Nf5 51. Nc2 h5 52. Ke2 Kd6 53. Kf2 Ke6 54. Ke2 h4 55. Kf2 Kd6 56. Ke2 Kc6 57. Kd2 Kd6 58. Ke2 Ng3+ 59. Kf2 Nf5 60. Ke2 Ke6 61. Kf2 Kd6 62. Ke2 Ng3+ 63. Kf2 Nf5 64. Ke2 Kc6 65. Kf2 Kd6 66. Ke2 Ng3+ 67. Kf2 Nf5 68. Ke2 Ke6 69. Kf2 Kd6 70. Ke2 Ng3+ 71. Kf2 Nf5 72. Ke2 Kd7 73. Kf2 Ke6 74. Ke2 Ng3+ 75. Kf2 Nf5 76. Ke2 Ng3+ 77. Kf2 Nf5 78. Ke2 Ng3+ 79. Kf2 Nf5 80. Ke2 Ng3+ 81. Kf2 Nf5 82. Ke2 Kd6 83. Kf2 Kc6 84. Ke2 Ng3+ 85. Kf2 Nf5 86. Ke2 Kd6 87. Kf2 Ke6 88. Ke2 Ng3+ 89. Kf2 Nf5 90. Ke2 Kd6 1/2-1/2

[Event "Prague Golden op 14th"]
[Site "Prague"]
[Date "2018.07.02"]
[Round "3"]
[White "Zabehlicky, Jiri"]
[Black "Nemecek, Pavel2222"]
[Result "1-0"]
[WhiteElo "1490"]
[BlackElo "1383"]
[PlyCount "97"]
[EventDate "2018.06.30"]
[EventType "swiss"]
[EventRounds "9"]
[EventCountry "CZE"]
[SourceTitle "CBM 185 Extra"]
[Source "ChessBase"]
[SourceDate "2018.07.29"]
[SourceVersion "1"]
[SourceVersionDate "2018.07.29"]
[SourceQuality "1"]

1. e4 d5 2. exd5 Qxd5 3. Nf3 Nf6 4. Nc3 Qa5 5. Be2 Bf5 6. d3 c6 7. 0-0 e6 8. Bf4 Nbd7 9. a3 Nh5 10. b4 Qd8 11. Bd2 Bd6 12. Ng5 Nhf6 13. Nge4 Nxe4 14. dxe4 Bg6 15. Qe1 Qc7 16. h3 0-0-0 17. Be3 Nf6 18. Bd3 Be5 19. f3 Bg3 20. Bf2 Bxf2+ 21. Qxf2 Kb8 22. Rfb1 Nd7 23. b5 Ne5 24. Bf1 cxb5 25. Nxb5 Qb6 26. Qxb6 axb6 27. Rd1 f5 28. exf5 Bxf5 29. c4 Bc2 30. Re1 Nc6 31. Rxe6 Rd7 32. Rae1 Rhd8 33. Re8 Rxe8 34. Rxe8+ Rd8 35. Rxd8+ Nxd8 36. Kf2 Kc8 37. Ke3 Kd7 38. Nd4 Bb1 39. Bd3 Bxd3 40. Kxd3 Ne6 41. Nxe6 Kxe6 42. g3 h6 43. Kd4 g6 44. h4 h5 45. g4 Kf6 46. gxh5 gxh5 47. Ke4 Ke6 48. f4 Kf6 49. f5 1-0

[Event "Prague Golden op 11th"]
[Site "Prague"]
[Date "2015.06.26"]
[Round "7"]
[White "Zabehlicky, Jiri"]
[Black "Husa, Daniel"]
[Result "1/2-1/2"]
[WhiteElo "1562"]
[BlackElo "1381"]
[PlyCount "117"]
[EventDate "2015.06.21"]
[EventType "swiss"]
[EventRounds "9"]
[EventCountry "CZE"]
[SourceTitle "EXT 2017"]
[Source "ChessBase"]
[SourceDate "2016.10.25"]
[SourceVersion "1"]
[SourceVersionDate "2016.10.25"]
[SourceQuality "1"]

1. d4 d5 2. c4 c6 3. e3 Bf5 4. Bd3 Bg6 5. Nc3 Nf6 6. Nf3 e6 7. a3 a5 8. Bxg6 hxg6 9. b3 Bd6 10. c5 Bc7 11. Bb2 0-0 12. 0-0 Nbd7 13. b4 axb4 14. axb4 Rxa1 15. Bxa1 Qe7 16. Qa4 Qd8 17. b5 Qa8 18. b6 Qxa4 19. Nxa4 Bd8 20. Nc3 Be7 21. Bb2 Ra8 22. Ra1 Rxa1+ 23. Bxa1 Kf8 24. Nd2 Ke8 25. Nb3 Kd8 26. Na5 Kc8 27. Kf1 Ne4 28. Ke2 Nxc3+ 29. Bxc3 Bf6 30. Kd3 Kb8 31. f3 e5 32. Bb4 exd4 33. exd4 Nf8 34. Bd2 Ne6 35. Be3 g5 36. g3 Kc8 37. h3 Kb8 38. Bf2 Kc8 39. Nb3 Kd7 40. Ke3 Ke7 41. f4 gxf4+ 42. gxf4 g5 43. fxg5 Bxg5+ 44. Kf3 f5 45. Na5 Nd8 46. Bg3 Bd2 47. Nb3 Bg5 48. h4 Bh6 49. Bf4 Bxf4 50. Kxf4 Kf6 51. Ke3 Kg6 52. Na5 Kf6 53. Kd3 Kg6 54. Ke3 Kf6 55. Nb3 Ne6 56. Na5 Nd8 57. Kf3 Kg6 58. Nb3 Ne6 59. Ke2 1/2-1/2

[Event "Prague Golden op 11th"]
[Site "Prague"]
[Date "2015.06.23"]
[Round "4"]
[White "Aubrecht, Petr"]
[Black "Zabehlicky, Jiri"]
[Result "1-0"]
[WhiteElo "1714"]
[BlackElo "1562"]
[PlyCount "105"]
[EventDate "2015.06.21"]
[EventType "swiss"]
[EventRounds "9"]
[EventCountry "CZE"]
[SourceTitle "EXT 2017"]
[Source "ChessBase"]
[SourceDate "2016.10.25"]
[SourceVersion "1"]
[SourceVersionDate "2016.10.25"]
[SourceQuality "1"]

1. e4 e6 2. d4 d5 3. Nd2 dxe4 4. Nxe4 Nf6 5. Bg5 Be7 6. Nc3 h6 7. Bh4 Nd5 8. Bxe7 Qxe7 9. Nxd5 exd5+ 10. Qe2 Qxe2+ 11. Nxe2 Bf5 12. 0-0-0 Nd7 13. Nc3 c6 14. Bd3 Bxd3 15. Rxd3 0-0-0 16. Re3 Rde8 17. Rhe1 Kd8 18. Kd2 Nb6 19. b3 Nd7 20. Nd1 Nf6 21. c4 Rxe3 22. Rxe3 Re8 23. Rf3 Re4 24. Kd3 Re7 25. Ne3 Re6 26. Nf5 Ne8 27. Ne3 dxc4+ 28. bxc4 f6 29. Nf5 Re1 30. Re3 Rxe3+ 31. fxe3 Kd7 32. e4 Ke6 33. g4 b6 34. d5+ cxd5 35. exd5+ Kd7 36. Kd4 g5 37. Nxh6 Ke7 38. a3 Nd6 39. Nf5+ Nxf5+ 40. gxf5 Kd6 41. a4 a6 42. a5 bxa5 43. Kc3 Ke5 44. Kb3 Kxf5 45. Ka4 Ke5 46. Kxa5 Kd6 47. Kb6 f5 48. c5+ Kd7 49. c6+ Kc8 50. d6 f4 51. c7 f3 52. Kc6 f2 53. d7# 1-0

[Event "Ricany op-A"]
[Site "Ricany"]
[Date "2014.08.26"]
[Round "5"]
[White "Skvaril, Michal"]
[Black "Zabehlicky, Jiri"]
[Result "1/2-1/2"]
[WhiteElo "1730"]
[BlackElo "1585"]
[PlyCount "59"]
[EventDate "2014.08.23"]
[EventType "swiss"]
[EventRounds "9"]
[EventCountry "CZE"]
[SourceTitle "EXT 2015"]
[Source "ChessBase"]
[SourceDate "2014.11.20"]
[SourceVersion "1"]
[SourceVersionDate "2014.11.20"]
[SourceQuality "1"]

1. e4 e5 2. Nf3 Nc6 3. d4 exd4 4. Bc4 Be7 5. Nxd4 d6 6. 0-0 Nf6 7. Nc3 Ne5 8. Bb3 0-0 9. f4 Ng6 10. Nf3 Re8 11. Re1 Bg4 12. h3 Bxf3 13. Qxf3 Nh4 14. Qf2 Nd7 15. Nd5 Ng6 16. Nxe7+ Qxe7 17. c3 Nc5 18. Bc2 Qd7 19. b4 Na4 20. Qg3 Nb6 21. Bb3 d5 22. e5 c6 23. Bc2 Qc7 24. f5 Nxe5 25. Bf4 f6 26. h4 Nbc4 27. Bb3 Qf7 28. Re2 Re7 29. Rae1 Rae8 30. Qf2 1/2-1/2

[Event "Ricany op-A"]
[Site "Ricany"]
[Date "2014.08.25"]
[Round "4"]
[White "Zabehlicky, Jiri"]
[Black "Zizka, Petr"]
[Result "0-1"]
[WhiteElo "1585"]
[BlackElo "1624"]
[PlyCount "49"]
[EventDate "2014.08.23"]
[EventType "swiss"]
[EventRounds "9"]
[EventCountry "CZE"]
[SourceTitle "EXT 2015"]
[Source "ChessBase"]
[SourceDate "2014.11.20"]
[SourceVersion "1"]
[SourceVersionDate "2014.11.20"]
[SourceQuality "1"]

1. d4 Nf6 2. c4 g6 3. Nc3 Bg7 4. Nf3 0-0 5. Bf4 d6 6. e3 Bf5 7. Bd3 Bxd3 8. Qxd3 c5 9. 0-0 Nc6 10. d5 Nb4 11. Qe2 Nh5 12. Bg3 Nxg3 13. hxg3 Qd7 14. a3 Bxc3 15. bxc3 Na6 16. Qb2 Rfb8 17. Rfb1 Qg4 18. Qe2 Nc7 19. Ra2 Ne8 20. Rab2 Qd7 21. e4 f6 22. Nd2 Ng7 23. a4 Rd8 24. Ra2 Qc7 25. Qf3 0-1

[Event "Prague Golden op 10th"]
[Site "Prague"]
[Date "2014.06.25"]
[Round "5"]
[White "Zabehlicky, Jiri"]
[Black "Pokorny, Jan1111"]
[Result "1-0"]
[WhiteElo "1545"]
[BlackElo "1879"]
[PlyCount "133"]
[EventDate "2014.06.22"]
[EventType "swiss"]
[EventRounds "9"]
[EventCountry "CZE"]
[SourceTitle "CBM 161 Extra"]
[Source "ChessBase"]
[SourceDate "2014.08.29"]
[SourceVersion "1"]
[SourceVersionDate "2014.08.29"]
[SourceQuality "1"]

1. d4 Nf6 2. c4 g6 3. g3 Bg7 4. Bg2 0-0 5. Nf3 c6 6. 0-0 d5 7. cxd5 cxd5 8. Nc3 Ne4 9. Qb3 Nxc3 10. Qxc3 b6 11. Bf4 Bb7 12. Rac1 Na6 13. Qd2 f6 14. b4 Rc8 15. Rxc8 Qxc8 16. b5 Nb8 17. Rc1 Qf5 18. Nh4 Qe6 19. Bxb8 Rxb8 20. Qf4 Qd6 21. Qxd6 exd6 22. Rc7 Kh8 23. e3 a6 24. Bf1 axb5 25. Bxb5 Bc8 26. a4 g5 27. Nf3 Bf5 28. Kf1 Rc8 29. Rxc8+ Bxc8 30. Bc6 h6 31. Ke1 Bf8 32. Kd2 Be7 33. Ne1 Kg7 34. Nd3 Ba6 35. Nb4 Bc4 36. Kc3 f5 37. Bxd5 Bf1 38. Bc6 Bd8 39. Bb5 Bg2 40. Kc4 f4 41. exf4 gxf4 42. Bc6 d5+ 43. Kc3 fxg3 44. hxg3 h5 45. Bxd5 Bf1 46. Bc6 h4 47. gxh4 Bxh4 48. f3 Be1+ 49. Kb3 Bf2 50. d5 Bc5 51. Kc3 Kf6 52. Bb5 Bg2 53. Nd3 Bd6 54. Ne1 Bh3 55. Kd3 Ke5 56. Bc6 Bf1+ 57. Ke3 Bc5+ 58. Kd2 Bb4+ 59. Kd1 Bd6 60. Kc2 Kf4 61. Nd3+ Bxd3+ 62. Kxd3 Kxf3 63. Kc4 Kf4 64. Kb5 Ke5 65. Kxb6 Bb4 66. a5 Kd6 67. a6 1-0

[Event "Prague Golden op 10th"]
[Site "Prague"]
[Date "2014.06.23"]
[Round "3"]
[White "Anaskin, Arsenij"]
[Black "Zabehlicky, Jiri"]
[Result "1-0"]
[WhiteElo "1947"]
[BlackElo "1545"]
[PlyCount "69"]
[EventDate "2014.06.22"]
[EventType "swiss"]
[EventRounds "9"]
[EventCountry "CZE"]
[SourceTitle "CBM 161 Extra"]
[Source "ChessBase"]
[SourceDate "2014.08.29"]
[SourceVersion "1"]
[SourceVersionDate "2014.08.29"]
[SourceQuality "1"]

1. e4 e5 2. Nf3 Nc6 3. Bb5 g6 4. 0-0 Bg7 5. c3 Nf6 6. Re1 0-0 7. d4 exd4 8. cxd4 d5 9. e5 Ne4 10. Nc3 Nxc3 11. bxc3 Bd7 12. Bg5 Qe8 13. Bd3 Be6 14. Rb1 Rb8 15. Qd2 Ne7 16. h3 Qd7 17. Nh2 c6 18. Qf4 Kh8 19. Bf6 Ng8 20. Bxg7+ Kxg7 21. Re3 Qd8 22. h4 h5 23. Nf3 Nh6 24. Ng5 Ng4 25. Rg3 Qe7 26. Re1 Nh6 27. Qf6+ Qxf6 28. exf6+ Kg8 29. Nxe6 fxe6 30. Rxg6+ Kh7 31. Rg7+ Kh8 32. Rh7+ Kg8 33. Rxh6 Kf7 34. Re5 Rh8 35. Rexh5 1-0